Liquidacions 2004 - 2008
Publicado:
Barcelona :
Diputació de Barcelona. Àrea d'Hisenda i Recursos Interns. Servei de Programació ,
2009
Descripción Física:
taules, gràf. ; 29 cm
MARC
| LEADER | 00000nam a2200000Ia 4500 | ||
|---|---|---|---|
| 001 | 21936 | ||
| 008 | 160829s2009 xx 000 0 cat d | ||
| 080 | |a Pressupostos | ||
| 245 | |a Liquidacions 2004 - 2008 | ||
| 260 | |a Barcelona : |b Diputació de Barcelona. Àrea d'Hisenda i Recursos Interns. Servei de Programació, |c 2009 | ||
| 300 | |a taules, gràf. ; |c 29 cm | ||
| 610 | 1 | 0 | |a Barcelona (Catalunya : Província). |b Diputació |x Assignacions pressupostàries i despeses |9 53789 |
| 650 | |a Finances públiques |x Barcelona (Província) |9 36756 | ||
| 650 | |a Despeses públiques |x Barcelona (Província) |9 38245 | ||
| 710 | |a Barcelona (Catalunya : Província). |b Servei de Programació |9 53631 | ||
| 901 | |a Arxiu | ||
| 942 | |n 1 | ||
| 952 | |0 0 |1 0 |4 0 |6 PRESSUPOSTOS |7 1 |9 51997 |a Arxiu |b Arxiu |d 2016-12-01 |l 0 |o Pressupostos |p 21936 |r 2016-12-01 00:00:00 |w 2016-12-01 |y ARXIU | ||
| 999 | |c 55844 |d 55844 | ||